Unsheltered : (Record no. 239194)
[ view plain ]
| 000 -LEADER | |
|---|---|
| fixed length control field | 00776cam a2200241 i 4500 |
| 001 - CONTROL NUMBER | |
| control field | BK0022045787 |
| 005 - DATE AND TIME OF LATEST TRANSACTION | |
| control field | 20240529073359.0 |
| 008 - FIXED-LENGTH DATA ELEMENTS--GENERAL INFORMATION | |
| fixed length control field | 220707s2023 nyu 000 1 eng |
| 020 ## - INTERNATIONAL STANDARD BOOK NUMBER | |
| International Standard Book Number | 9780062684561 |
| 040 ## - CATALOGING SOURCE | |
| Original cataloging agency | NjBwBT |
| Language of cataloging | eng |
| Transcribing agency | NjBwBT |
| Description conventions | rda |
| Modifying agency | NjBwBT |
| 082 04 - DEWEY DECIMAL CLASSIFICATION NUMBER | |
| Classification number | F Kingsolver |
| 092 ## - LOCALLY ASSIGNED DEWEY CALL NUMBER (OCLC) | |
| Classification number | F Kingsolver |
| 100 1# - MAIN ENTRY--PERSONAL NAME | |
| Personal name | Kingsolver, Barbara, |
| Relator term | author. |
| 9 (RLIN) | 28907 |
| 245 10 - TITLE STATEMENT | |
| Title | Unsheltered : |
| Remainder of title | a novel / |
| Statement of responsibility, etc | Barbara Kingsolver. |
| 250 ## - EDITION STATEMENT | |
| Edition statement | First HarperLuxe edition. |
| 264 #1 - Production, Publication, Distribution, Manufacture, and Copyright Notice. | |
| Place of production, publication, distribution, manufacture | New York, NY : |
| Name of producer, publisher, distributor, manufacturer | HarperLuxe, an imprint of HarperCollinsPublishers, |
| Date of production, publication, distribution, manufacture, or copyr | [2018] |
| 300 ## - PHYSICAL DESCRIPTION | |
| Extent | 663 pages ; |
| Dimensions | 23 cm |
| 336 ## - Content Type | |
| Content type term | text |
| 337 ## - Media type | |
| Media type term | unmediated |
| 338 ## - Carrier type | |
| Carrier type term | volume |
| 651 #0 - SUBJECT ADDED ENTRY--GEOGRAPHIC NAME | |
| Geographic name | Vineland (N.J.) |
| Form subdivision | Fiction. |
| 9 (RLIN) | 5759459 |
| 942 ## - ADDED ENTRY ELEMENTS (KOHA) | |
| Source of classification or shelving scheme | Dewey Decimal Classification |
| Koha item type | BOOK |
| Withdrawn status | Lost status | Source of classification or shelving scheme | Damaged status | Not for loan | Collection code | Home library | Current library | Shelving location | Date acquired | Source of acquisition | Cost, normal purchase price | Total Checkouts | Total Renewals | Full call number | Barcode | Date last seen | Date checked out | Cost, replacement price | Price effective from | Koha item type |
|---|---|---|---|---|---|---|---|---|---|---|---|---|---|---|---|---|---|---|---|---|
| Dewey Decimal Classification | Fiction | Wasatch County Library | Wasatch County Library | First Floor | 11/05/2018 | Donation | 29.99 | 33 | 11 | F Kingsolver | 34301001647850 | 07/23/2025 | 07/23/2025 | 29.99 | 03/20/2020 | BOOK |
